|
|
|
|
| LEADER |
00000nam a22000007a 4500 |
| 005 |
20130304163543.0 |
| 007 |
cr|||| |||| |
| 008 |
130304e2011 mx |||||s|||| 00||0 spa d |
| 020 |
|
|
|a 978-607-7620-76-1
|
| 035 |
|
|
|a 7072
|
| 040 |
|
|
|a vLex
|
| 090 |
|
|
|c 3819
|d 3819
|
| 100 |
1 |
0 |
|a Lp̤ez Cruz, Fernando
|
| 245 |
1 |
0 |
|a Dictamen Fiscal e informacin̤ alternativa
|h [Recurso electrn̤ico]
|
| 256 |
|
|
|a Servicio en ln̕ea
|
| 260 |
|
|
|a Mx̌ico D.F. :
|b Instituto Mexicano de Contadores Pb︢licos,
|c 2011
|
| 300 |
|
|
|a 1 Recurso electrn̤ico
|
| 506 |
|
|
|d vLex Global
|d vLex Global (Academic Edition, excluding Law Schools)
|d vLex Global (U.S. Academic Edition, Law Schools)
|d vLex Global (U.S. Academic Edition, excluding Law Schools)
|d vLex Global (Academic Edition, Law Schools)
|
| 650 |
0 |
4 |
|a Derecho tributario
|z Mx̌ico
|
| 650 |
0 |
4 |
|a Comercio internacional
|z Mx̌ico
|
| 740 |
|
|
|a vLex Libros (Servicio en ln̕ea)
|
| 856 |
|
|
|a Acceso restringido
|u http://www.vlex.com/source/7072
|
| 942 |
|
|
|c BOOK
|
| 999 |
|
0 |
|a Taxation
|